<?xml version="1.0" encoding="UTF-8"?><?xml-stylesheet type="text/xsl" href="static/style.xsl"?><OAI-PMH xmlns="http://www.openarchives.org/OAI/2.0/" xmlns:xsi="http://www.w3.org/2001/XMLSchema-instance" xsi:schemaLocation="http://www.openarchives.org/OAI/2.0/ http://www.openarchives.org/OAI/2.0/OAI-PMH.xsd"><responseDate>2026-04-17T00:39:12Z</responseDate><request verb="GetRecord" identifier="oai:www.recercat.cat:2099.1/9291" metadataPrefix="marc">https://recercat.cat/oai/request</request><GetRecord><record><header><identifier>oai:recercat.cat:2099.1/9291</identifier><datestamp>2025-07-17T16:37:29Z</datestamp><setSpec>com_2072_1033</setSpec><setSpec>col_2072_452951</setSpec></header><metadata><record xmlns="http://www.loc.gov/MARC21/slim" xmlns:dcterms="http://purl.org/dc/terms/" xmlns:xsi="http://www.w3.org/2001/XMLSchema-instance" xmlns:doc="http://www.lyncode.com/xoai" xsi:schemaLocation="http://www.loc.gov/MARC21/slim http://www.loc.gov/standards/marcxml/schema/MARC21slim.xsd">
   <leader>00925njm 22002777a 4500</leader>
   <datafield ind2=" " ind1=" " tag="042">
      <subfield code="a">dc</subfield>
   </datafield>
   <datafield ind2=" " ind1=" " tag="720">
      <subfield code="a">Quiles Pacheco, Sergio</subfield>
      <subfield code="e">author</subfield>
   </datafield>
   <datafield ind2=" " ind1=" " tag="720">
      <subfield code="a">Oltra i Puig, Arnau</subfield>
      <subfield code="e">author</subfield>
   </datafield>
   <datafield ind2=" " ind1=" " tag="720">
      <subfield code="a">Pons Pons, Francesc</subfield>
      <subfield code="e">author</subfield>
   </datafield>
   <datafield ind2=" " ind1=" " tag="720">
      <subfield code="a">Nicolás Garcia, Alejandro</subfield>
      <subfield code="e">author</subfield>
   </datafield>
   <datafield ind2=" " ind1=" " tag="260">
      <subfield code="c">2010-01-16</subfield>
   </datafield>
   <datafield ind2=" " ind1=" " tag="520">
      <subfield code="a">Els sistemes fotovoltaics de connexió a la xarxa elèctrica, s’emmarquen dins el Pla de&#xd;
Foment de les Energies Renovables elaborat pel govern Espanyol amb l’objectiu de&#xd;
complir els acords signats en el protocol de Kyoto, en el qual es va acordar que el 12%&#xd;
d’energia primària consumida a l’estat Espanyol ha de provenir de fonts renovables, per a reduir d’una manera significativa les emissions de CO2 a l’atmosfera.&#xd;
En aquest sentit el govern Espanyol amb la finalitat d’impulsar la implantació de sistemes fotovoltaics connectats a la xarxa elèctrica, va establir per mitjà del Reial Decret 1578/2008 unes primes per cada kWh injectat. Aquesta prima per a plantes iguals o majors de 20kW nominals durant l’any 2009 segons RD 1578/2008 son de:&#xd;
• 0,31665 €/kWh durant 25 anys.&#xd;
Una planta fotovoltaica transforma l’energia lumínica procedent del sol en energia elèctrica que es injectada directament a la xarxa, sense cap tipus d’acumulador o bateria. Aquest procés es realitza mitjançant mòduls solars fotovoltaics, que generen energia elèctrica en forma de corrent continua. Aquesta corrent es transforma en alterna mitjançant uns&#xd;
inversors de potència. Aquesta corrent alterna s’injecta directament a la xarxa elèctrica convencional, a la mateixa tensió i freqüència que la pròpia xarxa. Aquesta energia a més de contribuir a la reducció d’emissions de CO2, estalvia energia per la disminució de les pèrdues de transport, pel fet que l’energia es genera a prop dels punts on es consumeix.&#xd;
L’ajuntament de Bellvís disposa, entre les seves instal·lacions municipals, d’un pavelló&#xd;
poliesportiu a la sortida del poble amb una superfície total de coberta de 2816m2 i una&#xd;
estació transformadora adossada a la infraestructura.&#xd;
El consistori es planteja oferir aquesta superfície de coberta als seus ciutadans per tal de construir-hi una instal·lació fotovoltaica participada, amb unitats de participació d’1 kW. La gestió aniria a càrrec dels mateixos partícips.&#xd;
Per aquest motiu s’ha sol·licitat als estudiants Alex Nicolás, Arnau Oltra, Francesc Pons i Sergi Quiles, que realitzin com a projecte final de màster, del “Master en Energia Para el Desarrollo Sostenible” l’estudi de la instal·lació.</subfield>
   </datafield>
   <datafield ind2=" " ind1=" " tag="520">
      <subfield code="a">Estudi de les millors condicions tècniques i econòmiques de la planta d’energia solar&#xd;
fotovoltaica connectada a xarxa sobre la coberta del pavelló poliesportiu de Bellvís, segons el disposat en el RD 1663/2000 de 29 de setembre, i RD 1578/2008 de 27 de setembre. L’ajuntament de Bellvís vol oferir la coberta del pavelló esportiu als seus habitants per construir una instal·lació participada.</subfield>
   </datafield>
   <datafield tag="653" ind2=" " ind1=" ">
      <subfield code="a">Àrees temàtiques de la UPC::Energies::Energia solar fotovoltaica</subfield>
   </datafield>
   <datafield tag="653" ind2=" " ind1=" ">
      <subfield code="a">Àrees temàtiques de la UPC::Energies::Energia solar fotovoltaica::Instal·lacions solars de baixa potència connectades a la xarxa</subfield>
   </datafield>
   <datafield tag="653" ind2=" " ind1=" ">
      <subfield code="a">Àrees temàtiques de la UPC::Edificació::Instal·lacions i acondicionament d'edificis::Instal·lacions d'edificis alternatives</subfield>
   </datafield>
   <datafield tag="653" ind2=" " ind1=" ">
      <subfield code="a">Photovoltaic power systems--Design and construction</subfield>
   </datafield>
   <datafield tag="653" ind2=" " ind1=" ">
      <subfield code="a">Intal·lacions fotovoltaiques</subfield>
   </datafield>
   <datafield tag="653" ind2=" " ind1=" ">
      <subfield code="a">Instal·lacions fotovoltaiques -- Disseny</subfield>
   </datafield>
   <datafield tag="653" ind2=" " ind1=" ">
      <subfield code="a">Energia solar fotovoltaica -- Instal·lacions</subfield>
   </datafield>
   <datafield ind2="0" ind1="0" tag="245">
      <subfield code="a">Instal·lació fotovoltaica conectada a la xarxa a la coberta del pavelló poliesportiu de Bellvís (Lleida)</subfield>
   </datafield>
</record></metadata></record></GetRecord></OAI-PMH>